| 000 | 00590nam a2200169 i 4500 | ||
|---|---|---|---|
| 001 | 93098 | ||
| 003 | ES-MaACL | ||
| 005 | 20230906181127.0 | ||
| 007 | t| | ||
| 008 | 050407s1960 sp ||||1| spa d | ||
| 100 | 1 |
_aLoewer, Richard. _973114 |
|
| 245 | 1 | 0 |
_aManual moderno del modelista mecánico / _cRichard Loewer; traducción por M. Kraemer; tercera edición puesta al día Angel Tobeñas de la Cruz. |
| 260 |
_aBarcelona : _bJosé Monteso, _c1960. |
||
| 300 |
_aVIII, 300 p. : _bil. ; _c22 cm. |
||
| 700 | 1 |
_aTobeñas de la Cruz, Angel. _9110374 |
|
| 852 |
_aES-MaACL _jC-18256 _bR.46330 |
||
| 999 |
_c93098 _d93098 |
||